Geographical Distribution of Financial Flows to Developing Countries Disbursements, Commitments, Country Indicators

Enregistré dans:
Détails bibliographiques
Format: Livre
Langue:anglais
Publié: Paris OECD 2018
Sujets:
Tags: Ajouter un tag
Pas de tags, Soyez le premier à ajouter un tag!

MARC

LEADER 00000nam a2200000 4500
001 0243786
005 20240104132134.6
020 |a 978-92-64-28652-8 
022 |a 2074-3157 
041 0 |a eng 
044 |a FR 
245 1 0 |a Geographical Distribution of Financial Flows to Developing Countries  |b Disbursements, Commitments, Country Indicators 
264 1 |a Paris  |b OECD  |c 2018 
300 |a 302 s. 
610 2 0 |a krajiny rozvojové 
610 2 0 |a krajiny vyspelé 
610 2 0 |a pomoc rozvojová 
610 2 0 |a pomoc finančná 
610 2 0 |a distribúcia 
610 2 0 |a politika finančná 
610 2 0 |a ukazovatele 
610 2 0 |a porovnanie štatistické medzinárodné 
610 2 0 |a svet 
610 2 0 |a 2012-2016